[Event "Niedersachsen-ch U14"]
[Site "Norderney"]
[Date "2014.04.13"]
[Round "3"]
[White "Karstens, Fynn"]
[Black "Jaiser, Bennet"]
[Result "1/2-1/2"]
[WhiteElo "941"]
[BlackElo "1278"]
[PlyCount "133"]
[EventDate "2014.04.??"]
[EventType "swiss"]
[EventRounds "9"]
[EventCountry "GER"]
[SourceTitle "EXT 2017"]
[Source "ChessBase"]
[SourceDate "2016.10.25"]
[SourceVersion "1"]
[SourceVersionDate "2016.10.25"]
[SourceQuality "1"]

1. e4 e5 2. Nf3 Nc6 3. Bb5 a6 4. Ba4 Bc5 5. 0-0 d6 6. c3 Nf6 7. d4 Ba7 8. d5 b5 9. dxc6 bxa4 10. Qxa4 0-0 11. Bg5 h6 12. Bh4 Bg4 13. Nbd2 Bb6 14. h3 Bh5 15. Rfd1 Qe7 16. Re1 Qe6 17. Qb3 Qe7 18. Nc4 Bxf3 19. gxf3 Bc5 20. Ne3 Rab8 21. Qa4 g5 22. Nf5 Qe8 23. Nxh6+ Kh7 24. Bxg5 Nh5 25. Qxa6 Rxb2 26. Rf1 Qe6 27. Ng4 Rg8 28. h4 f6 29. Bc1 Rc2 30. Kh1 Rxc3 31. Qe2 Nf4 32. Bxf4 exf4 33. Rac1 Ra3 34. Qc4 Qxc4 35. Rxc4 Rxf3 36. Nxf6+ Kg7 37. Nxg8 Kxg8 38. Kg2 Ra3 39. h5 Rxa2 40. Kf3 Ra3+ 41. Kxf4 Rh3 42. Kg4 Rh2 43. Ra4 Kg7 44. Ra2 Kh6 45. Re2 Rxh5 46. f4 Bd4 47. Ree1 Ra5 48. f5 Kg7 49. Kg5 Ra8 50. f6+ Kf7 51. Re2 Rh8 52. Ra2 Rg8+ 53. Kf5 Rg6 54. Rd1 Rxf6+ 55. Kg4 Rg6+ 56. Kf4 Be5+ 57. Ke3 Rg3+ 58. Kf2 Rg8 59. Ra7 Rc8 60. Kf3 Kf6 61. Rh1 Kg7 62. Kg4 Bd4 63. Rb7 Bb6 64. Kg5 Re8 65. Kf5 Re5+ 66. Kf4 Rc5 67. Rg1+ 1/2-1/2